"Those from Italy send their greetings" [Hebrews 13:24B] evidence of a Roman destination for Hebrews? /

Saved in:
Bibliographic Details
Main Author: Mosser, Carl.
Format: Manuscript
Language:English
Published: 2000.
Series:Evangelical Theological Society papers ; ETS-0187.
Subjects:
Tags: Add Tag
No Tags, Be the first to tag this record!
LEADER 00797ctm a2200205Ia 4500
001 011994190-2
005 20090605144136.0
008 010718s2000 xx bb 100 0 eng d
035 0 |a ocm47429100 
040 |a EMT  |c EMT  |d OCLCQ  |d TE9  |d MRT 
090 |a BR21  |b .E93 No.0187 
100 1 |a Mosser, Carl. 
245 1 0 |a "Those from Italy send their greetings" [Hebrews 13:24B]  |h [microform] :  |b evidence of a Roman destination for Hebrews? /  |c by Carl Mosser. 
260 |c 2000. 
300 |a 11 leaves ;  |c 28 cm. 
500 |a Paper presented at the Far West Regional Conference of the Evangelical Theological Society, Sun Valley, CA, April 14, 2000. 
630 0 0 |a Bible.  |p Hebrews  |x Criticism, interpretation, etc. 
830 0 |a Evangelical Theological Society papers ;  |v ETS-0187. 
988 |a 20090605 
906 |0 OCLC